| 000 | 00354nam a2200133 i 4500 | ||
|---|---|---|---|
| 001 | 46141 | ||
| 003 | ES-MaACL | ||
| 007 | t| | ||
| 008 | 030328s1891 fr ||||1| fre d | ||
| 100 | 1 |
_aCollot, Louis. _939755 |
|
| 245 | 1 | 0 |
_aSur la géologie des environs de Moustiers / _cLouis Collot. |
| 260 |
_a[Lille : _bs.n., _c1891] |
||
| 852 |
_aES-MaACL _jT-962-F-4 |
||
| 999 |
_c46141 _d46141 |
||